| 000 | 00875nam a22002297a 4500 | ||
|---|---|---|---|
| 005 | 20241108142707.0 | ||
| 010 | _aENG-142601 | ||
| 020 |
_a9788181770846 _c275.00 |
||
| 035 | _aEN-126133 | ||
| 037 | _bDBAD | ||
| 082 |
_a954.35 _21 |
||
| 245 |
_aBibliography and Abstracts of Papers in Flora of Uttar Pradesh and Uttarakhand/ _cCompiled by Sourmen Gantait...[et.al] |
||
| 250 | _a1 | ||
| 260 |
_aHowrah, Kolkata _bBotanical Survey of India |
||
| 270 |
_aMinistry of Environment ,Forest & Climate Change, Govt. of India,3rd MSO Building, CGO Complex _bHowrah,Kolkata _e711103 |
||
| 300 |
_a268p. _c24cm.(pb) _bill. |
||
| 700 |
_aGantait, Sourmen _eCompiled _973814 |
||
| 700 |
_aBandyopadhyay, Subir _eCompiled _973817 |
||
| 700 |
_aArisdason, W. _eCompiled _973816 |
||
| 700 |
_aV. Sampath Kumar _eCompiled _973815 |
||
| 942 |
_2ddc _cEN _mBIB _h954.35 |
||
| 999 |
_c206936 _d206936 |
||